| 000 | 00904nam a2200265 i 4500 | ||
|---|---|---|---|
| 001 | 175403 | ||
| 003 | ES-MaACL | ||
| 005 | 20251218174605.0 | ||
| 007 | t| | ||
| 008 | 101026s1973 sp o r ||||1| spa d | ||
| 020 | _a84-369-0290-4 | ||
| 080 | _a75 Cossío, Pancho | ||
| 080 | _a929 Cossío, Pancho | ||
| 100 | 1 |
_aRodríguez Alcalde, Leopoldo. _998327 |
|
| 245 | 1 | 0 |
_aCossío / _cLeopoldo Rodríguez Alcalde. |
| 260 |
_a[Madrid : _bDirección General de Bellas Artes, _c1973] |
||
| 300 |
_a115 p. : _bfot. col. y n. ; _c17 cm. |
||
| 490 | 1 |
_aArtistas españoles contemporáneos. Pintores ; _v62 |
|
| 504 | _aBibliografía: p. 87-88. | ||
| 600 | 1 | 4 |
_aCossío, Pancho. _941021 |
| 710 | 1 |
_aEspaña. _bDirección General de Bellas Artes. _93704 |
|
| 830 | 0 |
_aArtistas españoles contemporáneos. Pintores _v62 _9189664 |
|
| 852 |
_aES-MaACL _j2261-F-62 _xOlim P-1916 |
||
| 999 |
_c175403 _d175403 |
||